LIBRARY ONLINE CATALOGUE

Managerial economics and business strategy / (Record no. 10384)

MARC details
000 -LEADER
fixed length control field 00776cam a22002412 4500
001 - CONTROL NUMBER
control field 0000024841
005 - DATE AND TIME OF LATEST TRANSACTION
control field 20151217152306.0
008 - FIXED-LENGTH DATA ELEMENTS--GENERAL INFORMATION
fixed length control field 140319s xx 000 0 eng d
020 ## - INTERNATIONAL STANDARD BOOK NUMBER
International Standard Book Number 0077154509 :
040 ## - CATALOGING SOURCE
Original cataloging agency KABU
Transcribing agency KABU
100 1# - MAIN ENTRY--PERSONAL NAME
Personal name Baye, Michael R.
-- 0000178960
245 10 - TITLE STATEMENT
Title Managerial economics and business strategy /
Statement of responsibility, etc. Michael R. Baye, Jeffrey T. Prince, Jay Squalli.
250 ## - EDITION STATEMENT
Edition statement 8th ed.
260 ## - PUBLICATION, DISTRIBUTION, ETC. (IMPRINT)
Place of publication, distribution, etc. London :
Name of publisher, distributor, etc. McGraw-Hill,
Date of publication, distribution, etc. 2013.
300 ## - PHYSICAL DESCRIPTION
Extent xxxiii, 636 p.
650 #0 - SUBJECT ADDED ENTRY--TOPICAL TERM
Topical term or geographic name as entry element Managerial economics.
-- 0000150546
650 #0 - SUBJECT ADDED ENTRY--TOPICAL TERM
Topical term or geographic name as entry element Strategic planning.
-- 0000150576
700 1# - ADDED ENTRY--PERSONAL NAME
Personal name Prince, Jeffrey T.
-- 0000185109
700 1# - ADDED ENTRY--PERSONAL NAME
Personal name Squalli, Jay.
-- 0000185110
852 1# - LOCATION
-- p3995 KES
908 ## - PUT COMMAND PARAMETER (RLIN)
Put command parameter 140319
950 ## - LOCAL HOLDINGS (RLIN)
-- 1
Holdings
Withdrawn status Lost status Source of classification or shelving scheme Not for loan Home library Current library Date acquired Total Checkouts Full call number Barcode Date last seen Price effective from Koha item type Cost, normal purchase price
    Library of Congress Classification   Kabarak, Main Campus Kabarak, Main Campus 17/12/2015   HD30.22 .B39 2013 c. 1 017972 02/08/2024 17/12/2015 General Collection  
    Library of Congress Classification   Kabarak, Main Campus Kabarak, Main Campus 11/09/2018   HD30.22 .B39 2013 c.1 024191 02/08/2024 11/09/2018 General Collection 4600.00